La filosofía del derecho contemporánea en México : testimonios y perspectivas /

Uloženo v:
Podrobná bibliografie
Hlavní autor: Vázquez, Rodolfo (comp.)
Další autoři: Lujambio, José María (compilación) (compilación)
Médium: Kniha
Jazyk:španělština
Vydáno: México : UNAM, Instituto de Investigaciones Jurídicas : Instituto Tecnológico Autónomo de México, 1998, c1998
Edice:(Estudios Jurídicos ; 2)
Témata:
Tagy: Přidat tag
Žádné tagy, Buďte první, kdo vytvoří štítek k tomuto záznamu!

MARC

LEADER 00000nam^a2200000^a^4500
001 000132754
005 20250521000000.0
009 20260310095108.642
020 |a 968-36-7319-8 
037 |a Acervo ITESO - Biblioteca 
041 |a ESP 
082 |a 340. 1  |b VAZ 
100 |a Vázquez, Rodolfo  |e (comp.) 
245 1 3 |a La filosofía del derecho contemporánea en México :  |b testimonios y perspectivas /  |c Comp. de R. Vázquez, J.M. Lujambio. 
264 4 |a México :  |b UNAM, Instituto de Investigaciones Jurídicas :  |b Instituto Tecnológico Autónomo de México,  |c 1998, c1998 
300 |a 162 p. 
336 |a texto  |b txt  |2 rdacontenido 
337 |a sin mediación  |b n  |2 rdamedio 
338 |a volumen  |b nc  |2 rdasoporte 
440 1 |a (Estudios Jurídicos ;  |v 2) 
649 |a XX 
650 |a Juristas Mexicanos 
650 |a Abogados Mexicanos 
650 |a Derecho -  |z México 
650 |a Derecho -  |x Filosofía -  |x Tema Principal 
650 |a Derecho -  |x Teoría 
700 |a Lujambio, José María  |e (compilación) 
910 |a Fondo General 
920 |a Impresos - Libros 
930 |a Colección General 
905 |a 101 
901 |a 0500062067  |b IT1  |c ACC  |u 20250521 
902 |a https://opac.biblio.iteso.mx/vufind/Record/000132754